Class president / (Record no. 829)

MARC details
000 -LEADER
fixed length control field 01008nam a22003017a 4500
005 - DATE AND TIME OF LATEST TRANSACTION
control field 20230711092705.0
020 ## - INTERNATIONAL STANDARD BOOK NUMBER
International Standard Book Number 0688091148 :
Terms of availability $12.95
040 ## - CATALOGING SOURCE
Original cataloging agency DLC
Transcribing agency DLC
Modifying agency DLC
Language of cataloging eng
050 00 - LIBRARY OF CONGRESS CALL NUMBER
Classification number PZ7.H9574
Item number Cm 1990
082 00 - DEWEY DECIMAL CLASSIFICATION NUMBER
Classification number 813
Edition number 20
100 1# - MAIN ENTRY--PERSONAL NAME
Personal name Hurwitz, Johanna.
245 10 - TITLE STATEMENT
Title Class president /
Statement of responsibility, etc. Johanna Hurwitz ; illustrations by Sheila Hamanaka.
250 ## - EDITION STATEMENT
Edition statement First Scholastic printing, August 1991
260 ## - PUBLICATION, DISTRIBUTION, ETC.
Place of publication, distribution, etc. New York :
Name of publisher, distributor, etc. Scholastic,
Date of publication, distribution, etc. 1991.
300 ## - PHYSICAL DESCRIPTION
Extent 85 pages :
Other physical details illustrations ;
Dimensions 20 cm.
505 ## - FORMATTED CONTENTS NOTE
Formatted contents note P
520 ## - SUMMARY, ETC.
Summary, etc. Julio hides his own leadership ambitions to help another candidate win the nomination for class president.
521 ## - TARGET AUDIENCE NOTE
Target audience note 650
Source Lexile <br/>
521 ## - TARGET AUDIENCE NOTE
Target audience note P <br/>
Source Raz-Plus
650 #1 - SUBJECT ADDED ENTRY--TOPICAL TERM
Topical term or geographic name entry element Elections
General subdivision Fiction.
650 #1 - SUBJECT ADDED ENTRY--TOPICAL TERM
Topical term or geographic name entry element Schools
General subdivision Fiction.
650 #1 - SUBJECT ADDED ENTRY--TOPICAL TERM
Topical term or geographic name entry element Hispanic Americans
General subdivision Fiction.
700 1# - ADDED ENTRY--PERSONAL NAME
Personal name Hamanaka, Sheila,
Relator term illustrator.
906 ## - LOCAL DATA ELEMENT F, LDF (RLIN)
a 7
b cbc
c orignew
d 1
e ocip
f 19
g y-gencatlg
942 ## - ADDED ENTRY ELEMENTS (KOHA)
Source of classification or shelving scheme Dewey Decimal Classification
Koha item type Books
Suppress in OPAC No
999 ## -
-- 829
-- 829
Holdings
Withdrawn status Lost status Source of classification or shelving scheme Damaged status Not for loan Collection Home library Current library Shelving location Date acquired Total Checkouts Full call number Barcode Date last seen Date last checked out Price effective from Koha item type
    Dewey Decimal Classification     Juvenile Fiction Footprints International School Library Network Toul Kork Campus Footprints International School Library Network Toul Kork Campus TK Primary Library Room(4th Floor), Bookcase 5&6, Shelves 33-56, Orange Books 07/11/2023 2 HUR 813 PZ7.H9574 FISTK00384 03/27/2024 03/06/2024 07/11/2023 Books